Southville International School and Colleges
Your cart is empty.
  • Cart
  • Lists
    Public lists Eva Luna New books Lux_list list_1
    Your lists Log in to create your own lists
  • Log in to your account
  • Your cookies
  • Search history
Southville International School and Colleges
  • Advanced search
  • Recent comments
  • Most popular
  • Libraries

Log in to your account

Log in with GOOGLE


If you do not have an external account, but do have a local account, you can still log in:

  1. Home
  2. MARC view: Modern business english :
Normal view MARC view ISBD view

Modern business english : (Record no. 335223)

[ view plain ]
MARC details
000 -LEADER
fixed length control field 00580nam a22001697a 4500
003 - CONTROL NUMBER IDENTIFIER
control field SISC
005 - DATE AND TIME OF LATEST TRANSACTION
control field 20170613151828.0
008 - FIXED-LENGTH DATA ELEMENTS--GENERAL INFORMATION
fixed length control field 170613b xxu||||| |||| 00| 0 eng d
020 ## - INTERNATIONAL STANDARD BOOK NUMBER
International Standard Book Number 9786214060382
050 ## - LIBRARY OF CONGRESS CALL NUMBER
Classification number HF 5721
Item number .C758 2016
100 ## - MAIN ENTRY--PERSONAL NAME
Personal name Constantino, Guia F.
245 ## - TITLE STATEMENT
Title Modern business english :
Remainder of title correspondence in the corporate world /
Statement of responsibility, etc Guia F. Constantino, Romarico M. Barrientos.
260 ## - PUBLICATION, DISTRIBUTION, ETC. (IMPRINT)
Place of publication, distribution, etc Manila :
Name of publisher, distributor, etc Mindshapers Co., Inc.,
Date of publication, distribution, etc 2016.
300 ## - PHYSICAL DESCRIPTION
Extent viii, 198 pages :
Other physical details illustrations ;
Dimensions 23 cm.
500 ## - GENERAL NOTE
General note Includes bibliographical references.
942 ## - ADDED ENTRY ELEMENTS (KOHA)
Source of classification or shelving scheme Library of Congress Classification
Koha item type Books
Holdings
Withdrawn status Lost status Source of classification or shelving scheme Damaged status Home library Current library Shelving location Date acquired Source of acquisition Sub Shelving location Total Checkouts Full call number Barcode Date last seen Price effective from Koha item type
    Library of Congress Classification   College Library College Library Filipiniana Section 06/13/2017 Library Fund     HF 5721 .C758 2016 C20949 05/08/2018 06/13/2017 Books

Modern business english :

APA

Constantino G. F., . (2016). Modern business english. Manila: Mindshapers Co., Inc.

Chicago

Constantino Guia F, . 2016. Modern business english. Manila: Mindshapers Co., Inc.

Harvard

Constantino G. F., . (2016). Modern business english. Manila: Mindshapers Co., Inc.

MLA

Constantino Guia F, . Modern business english. Manila: Mindshapers Co., Inc. 2016.

  • Place hold
  • Print
  • Cite
  • Add to your cart (remove)
  • Save record
    BIBTEX Dublin Core MARCXML MARC (non-Unicode/MARC-8) MARC (Unicode/UTF-8) MARC (Unicode/UTF-8, Standard) MODS (XML) RIS
  • More searches
    Search for this title in:
    Other Libraries (WorldCat) Other Databases (Google Scholar) Online Stores (Bookfinder.com) Open Library (openlibrary.org)

Exporting to Dublin Core...

SOUTHVILLE LIBRARY

Southville International School and Colleges Library

1281 Tropical Ave. Cor. Luxembourg St., BF Homes International, Las Pinas City

Tel. No. 8256374 / 252358 Loc. 117/146

Powered by Koha